[Event "27. Schweinfurt Open"]
[Site "Schweinfurt"]
[Date "2017.06.17"]
[Round "4.24"]
[White "Köhler, Michael"]
[Black "Hüttinger, Siegfried"]
[Result "1-0"]
[WhiteElo "1229"]
[BlackElo "1469"]
[PlyCount "99"]
[EventDate "2017.??.??"]
[WhiteTeam "SC Prichsenstadt"]
[BlackTeam "SC KS Alzenau"]

1. d4 d5 2. c4 c6 3. g3 Nf6 4. Nf3 Bf5 5. Bg2 dxc4 6. O-O Nbd7 7. Nc3 Nd5 8.
Re1 Nxc3 9. bxc3 Nf6 10. Nd2 Nd5 11. Bb2 Nb6 12. a4 a5 13. e4 Bg6 14. Qe2 e6
15. Nxc4 Be7 16. Ne5 O-O 17. Nxg6 hxg6 18. Ba3 Nxa4 19. Bxe7 Nxc3 20. Qd3 Qxe7
21. Qxc3 Qb4 22. Qxb4 axb4 23. Rab1 Ra4 24. Bf3 b5 25. Rec1 Rc8 26. e5 b3 27.
Bxc6 Rc4 28. Rxc4 bxc4 29. Bb5 c3 30. Bd3 b2 31. Bc2 Kf8 32. Kf1 Rc4 33. Rd1
Ke7 34. Ke2 b1=Q 35. Rxb1 Rxd4 36. Rd1 Rd5 37. Rxd5 exd5 38. Kd3 g5 39. Kxc3
Ke6 40. Kd4 f6 41. exf6 gxf6 42. Bb3 Kf5 43. Bxd5 Kg4 44. Bg2 Kf5 45. Ke3 g4
46. f3 Kg5 47. fxg4 Kxg4 48. Kf2 Kg5 49. h3 f5 50. Kf3 1-0

[Event "27. Schweinfurt Open"]
[Site "Schweinfurt"]
[Date "2017.06.17"]
[Round "4.25"]
[White "Ley, Reinhard"]
[Black "Engelbrecht, Klaus"]
[Result "1-0"]
[WhiteElo "1714"]
[BlackElo "1596"]
[PlyCount "41"]
[EventDate "2017.??.??"]
[WhiteTeam "SV Siershahn"]
[BlackTeam "SK Bad Neustadt"]

1. d4 e6 2. Nf3 d5 3. e3 c5 4. c3 c4 5. Nbd2 Nc6 6. e4 b5 7. Be2 dxe4 8. Nxe4
h6 9. Bf4 Nf6 10. Qc2 Na5 11. Ne5 Nxe4 12. Bf3 Bb7 13. Bxe4 Bxe4 14. Qxe4 f5
15. Qe2 h5 16. Ng6 Qd5 17. Nxh8 Kd7 18. Ng6 Bd6 19. Bxd6 Kxd6 20. Qe5+ Kc6 21.
Ne7+ 1-0

[Event "27. Schweinfurt Open"]
[Site "Schweinfurt"]
[Date "2017.06.17"]
[Round "4.26"]
[White "Lukas, Cornelia"]
[Black "Roth, Claudia"]
[Result "0-1"]
[WhiteElo "779"]
[BlackElo "1063"]
[PlyCount "56"]
[EventDate "2017.??.??"]
[WhiteTeam "SK Schweinfurt"]
[BlackTeam "Spvgg Stetten"]

1. e4 c5 2. Bc4 e6 3. Nf3 Nc6 4. d4 cxd4 5. Nxd4 Nf6 6. Nxc6 bxc6 7. Nc3 Bb4 8.
a3 Bxc3+ 9. bxc3 Nxe4 10. O-O Qf6 11. Qf3 Qxf3 12. gxf3 Nxc3 13. Bb2 Na4 14.
Bd4 O-O 15. Rfe1 d5 16. Bb3 Nb6 17. Re5 Nd7 18. Rg5 f6 19. Rg4 e5 20. Re1 f5
21. Rh4 exd4 22. Rxd4 Ba6 23. Re7 Nf6 24. a4 Rfe8 25. Rc7 Re1+ 26. Kg2 Nh5 27.
Rxd5 Bf1+ 28. Kg1 Bh3# 0-1

[Event "27. Schweinfurt Open"]
[Site "Schweinfurt"]
[Date "2017.06.17"]
[Round "4.27"]
[White "Chen, Jiwei"]
[Black "Cinar, Orhan"]
[Result "1-0"]
[WhiteElo "954"]
[BlackElo "700"]
[PlyCount "105"]
[EventDate "2017.??.??"]
[WhiteTeam "SK Schweinfurt"]
[BlackTeam "(vls) Schweinfurt"]

1. e4 e6 2. d4 Nf6 3. Nc3 Bb4 4. Nge2 Bxc3+ 5. Nxc3 h6 6. Bf4 c6 7. Bd3 Qb6 8.
Be3 Qxb2 9. Ne2 Qb6 10. d5 Qd8 11. d6 Ng4 12. Bf4 e5 13. Bg3 Qf6 14. Bc4 h5 15.
h4 b5 16. Bb3 Bb7 17. f3 Nh6 18. c4 bxc4 19. Bxc4 Ba6 20. Bxa6 Nxa6 21. Rb1 Rb8
22. Rxb8+ Nxb8 23. Nc3 Qe6 24. O-O f6 25. Bf2 Qc4 26. Qd2 Na6 27. Qb2 O-O 28.
a3 Nf7 29. Rd1 Rb8 30. Qd2 Qe6 31. Bxa7 Rb3 32. a4 Nxd6 33. Qxd6 Qxd6 34. Rxd6
Rxc3 35. Rxd7 c5 36. a5 c4 37. Rd6 Rc1+ 38. Kf2 Rh1 39. g3 c3 40. Rxa6 c2 41.
Be3 Rb1 42. Ke2 c1=Q 43. Bxc1 Rxc1 44. Rb6 Rc8 45. a6 Ra8 46. Kd3 Kf7 47. Kc4
g6 48. Rb7+ Ke6 49. a7 f5 50. Kc5 f4 51. gxf4 exf4 52. Kb6 Rh8 53. Rb8 1-0

[Event "27. Schweinfurt Open"]
[Site "Schweinfurt"]
[Date "2017.06.17"]
[Round "5.1"]
[White "Kuhn, Norbert"]
[Black "Weise, Martin"]
[Result "1/2-1/2"]
[WhiteElo "2059"]
[BlackElo "2109"]
[PlyCount "33"]
[EventDate "2017.??.??"]
[WhiteTeam "SV Würzburg"]
[BlackTeam "SC Fulda"]

1. e4 e6 2. d4 d5 3. Nc3 Nf6 4. Bg5 Be7 5. e5 Ne4 6. Bxe7 Nxc3 7. Bxd8 Nxd1 8.
Bxc7 Nxb2 9. Rb1 Nc4 10. Bxc4 dxc4 11. Nf3 Nc6 12. c3 b6 13. Nd2 Ba6 14. Bd6
Ne7 15. Ba3 Nd5 16. Ne4 f5 17. exf6 1/2-1/2

[Event "27. Schweinfurt Open"]
[Site "Schweinfurt"]
[Date "2017.06.17"]
[Round "5.2"]
[White "Helm, Timo"]
[Black "Helgert, Johannes"]
[Result "1-0"]
[WhiteElo "2015"]
[BlackElo "2045"]
[PlyCount "91"]
[EventDate "2017.??.??"]
[WhiteTeam "SC Bad Königshofen"]
[BlackTeam "SV Würzburg"]

1. e4 e6 2. d4 d5 3. exd5 exd5 4. Nc3 c6 5. Bd3 Bd6 6. Nge2 Nf6 7. Bg5 Bg4 8.
f3 Bh5 9. Ng3 Bxg3+ 10. hxg3 Bg6 11. Qe2+ Qe7 12. Bxf6 Qxe2+ 13. Nxe2 gxf6 14.
Kd2 Nd7 15. Rh4 O-O-O 16. Rah1 Rhg8 17. g4 Nf8 18. c3 a5 19. f4 Bxd3 20. Kxd3
f5 21. gxf5 Rxg2 22. Rg1 Rxg1 23. Nxg1 f6 24. Rh6 Rd6 25. Nf3 Kd7 26. b3 Ke7
27. c4 dxc4+ 28. bxc4 b5 29. c5 Rd5 30. Ke4 b4 31. Nd2 a4 32. Nc4 Nd7 33. Rxh7+
Kd8 34. Nd6 Kc7 35. Rh2 Nxc5+ 36. dxc5 Rxc5 37. Ne8+ Kd8 38. Nxf6 b3 39. axb3
axb3 40. Rb2 Rb5 41. Ng4 c5 42. Ne5 Rb4+ 43. Ke3 Ke8 44. f6 c4 45. f7+ Kf8 46.
Rg2 1-0

[Event "27. Schweinfurt Open"]
[Site "Schweinfurt"]
[Date "2017.06.17"]
[Round "5.3"]
[White "Ziegler, Michael"]
[Black "Boß, Rolf"]
[Result "1-0"]
[WhiteElo "2126"]
[BlackElo "1969"]
[PlyCount "65"]
[EventDate "2017.??.??"]
[WhiteTeam "SC Prichsenstadt"]
[BlackTeam "(vls) Bamberg"]

1. Nf3 d6 2. c4 f5 3. b3 Nf6 4. d4 g6 5. g3 Bg7 6. Bg2 O-O 7. O-O c6 8. Bb2 a5
9. Qc2 Na6 10. a3 Bd7 11. Nbd2 Rb8 12. Ne1 c5 13. e3 cxd4 14. exd4 f4 15. Nef3
Nh5 16. Ne4 fxg3 17. fxg3 b5 18. Kh1 Qc7 19. Qe2 bxc4 20. bxc4 e5 21. dxe5 dxe5
22. Rad1 Rbd8 23. Rd6 Nb8 24. Nxe5 Rfe8 25. Qf3 Bf5 26. Rxd8 Qxd8 27. g4 Bxe5
28. Bxe5 Rxe5 29. gxf5 Rxf5 30. Qc3 Rxf1+ 31. Bxf1 Nc6 32. c5 Qd5 33. Bc4 1-0

[Event "27. Schweinfurt Open"]
[Site "Schweinfurt"]
[Date "2017.06.17"]
[Round "5.4"]
[White "Krenz, Dieter"]
[Black "Bräutigam, Thomas"]
[Result "0-1"]
[WhiteElo "1902"]
[BlackElo "2070"]
[PlyCount "52"]
[EventDate "2017.??.??"]
[WhiteTeam "SC Prichsenstadt"]
[BlackTeam "SV Würzburg"]

1. e4 c5 2. d4 cxd4 3. c3 dxc3 4. Nxc3 Nc6 5. Nf3 e6 6. Bc4 a6 7. O-O Nge7 8.
Bg5 f6 9. Be3 b5 10. Bb3 Ng6 11. Qe2 Be7 12. Rfd1 Qc7 13. Rac1 Qb8 14. Nd4 Nxd4
15. Bxd4 O-O 16. g3 Re8 17. f4 Kh8 18. Be3 Nf8 19. f5 Bb7 20. a3 Bd6 21. Rd3
Be5 22. Bd4 exf5 23. Qh5 fxe4 24. Qf7 Ng6 25. Ba7 Qxa7+ 26. Kf1 exd3 0-1

[Event "27. Schweinfurt Open"]
[Site "Schweinfurt"]
[Date "2017.06.17"]
[Round "5.5"]
[White "Blank, Stefan"]
[Black "Gehrig, Thomas"]
[Result "0-1"]
[WhiteElo "1880"]
[BlackElo "2051"]
[PlyCount "94"]
[EventDate "2017.??.??"]
[WhiteTeam "SC Sulzbach"]
[BlackTeam "SC Maßbach"]

1. e4 c5 2. Nf3 e6 3. d3 Nc6 4. g3 d6 5. Bg2 Nf6 6. O-O Be7 7. c3 O-O 8. Na3
Rb8 9. Nc2 Qc7 10. Qe2 Re8 11. h3 e5 12. Bg5 h6 13. Bd2 Qb6 14. b3 Bf8 15. Nh4
Qd8 16. Ne3 b5 17. Nf3 g6 18. Nh2 Kh7 19. f4 Rb7 20. Qf3 Bg7 21. f5 Rf8 22. g4
Ng8 23. Qg3 b4 24. c4 Nd4 25. Nd5 Ne2+ 26. Kf2 Nxg3 27. Kxg3 Nf6 28. Ne3 a5 29.
a4 bxa3 30. Rxa3 a4 31. bxa4 Ra7 32. a5 Ba6 33. h4 Re8 34. Bf3 Rb7 35. Nd5 Qb8
36. g5 Nxd5 37. fxg6+ fxg6 38. exd5 Rb3 39. Rxb3 Qxb3 40. Be4 h5 41. Rf3 Rf8
42. Re3 Qd1 43. Be1 Rf7 44. Bf3 Qc2 45. Be4 Bf8 46. Nf3 Rf4 47. Bf2 Rg4+ 0-1

[Event "27. Schweinfurt Open"]
[Site "Schweinfurt"]
[Date "2017.06.17"]
[Round "5.6"]
[White "Roth, Jakob"]
[Black "Reinl, Fred"]
[Result "1-0"]
[WhiteElo "1847"]
[BlackElo "1981"]
[PlyCount "99"]
[EventDate "2017.??.??"]
[WhiteTeam "Spvgg Stetten"]
[BlackTeam "SK Schweinfurt"]

1. d4 Nf6 2. c4 e6 3. Nc3 b6 4. e4 Bb7 5. Bd3 d6 6. Nf3 Be7 7. O-O Nbd7 8. Re1
O-O 9. b3 Re8 10. Bb2 e5 11. dxe5 Nxe5 12. Bc2 Bf8 13. Nd5 Nfg4 14. Nxe5 Nxe5
15. f4 Ng6 16. Qf3 c6 17. Ne3 Qh4 18. g3 Qh3 19. Qg2 Qh5 20. Nf5 Ne7 21. Bd1
Qg6 22. Nh4 Qe6 23. f5 Qd7 24. Bg4 f6 25. Rad1 Qc7 26. Bf3 c5 27. g4 Nc6 28. g5
fxg5 29. Qxg5 Ne5 30. Bh5 Be7 31. Qg3 Rf8 32. Bxe5 dxe5 33. Nf3 Bf6 34. Ng5
Bxg5 35. Qxg5 Rf6 36. Qd2 Bc6 37. Re3 Qe7 38. Bf3 Rh6 39. Rd3 Rh4 40. Qg2 Rh6
41. Qd2 Rf8 42. Rd6 Rhf6 (42... Rxd6 43. Qxd6 Qg5+) 43. Rxc6 Rxc6 44. Qd5+ Kh8
45. Qxc6 Qg5+ 46. Kh1 g6 47. Qd6 Re8 48. f6 Qf4 49. Bg2 Qg4 50. f7 1-0

[Event "27. Schweinfurt Open"]
[Site "Schweinfurt"]
[Date "2017.06.17"]
[Round "5.7"]
[White "Golda, Harald"]
[Black "Bardorz, Christoph"]
[Result "1-0"]
[WhiteElo "2277"]
[BlackElo "1870"]
[PlyCount "59"]
[EventDate "2017.??.??"]
[WhiteTeam "SK Schweinfurt"]
[BlackTeam "TSV Rottendorf"]

1. d4 Nf6 2. Nf3 g6 3. g3 Bg7 4. Bg2 O-O 5. O-O d5 6. c4 c5 7. dxc5 Na6 8. Nc3
dxc4 9. Qxd8 Rxd8 10. c6 bxc6 11. Ne5 Bb7 12. Nxc4 Rac8 13. Bg5 Nb4 14. Rad1
Nbd5 15. Na4 h6 16. Bd2 Ne8 17. Nc5 Ba8 18. Ba5 Ndc7 19. e3 Rxd1 20. Rxd1 Bf6
21. Bh3 e6 22. Rd7 Kf8 23. Bb4 Kg8 24. Ne4 Nd5 25. Bc5 Rc7 26. Nxf6+ Ndxf6 27.
Rd8 Bb7 28. Nd6 Rd7 29. Rxd7 Nxd7 30. Nxb7 1-0

[Event "27. Schweinfurt Open"]
[Site "Schweinfurt"]
[Date "2017.06.17"]
[Round "5.8"]
[White "Feichtner, Erich"]
[Black "Seidens, Udo"]
[Result "1/2-1/2"]
[WhiteElo "1929"]
[BlackElo "2223"]
[PlyCount "49"]
[EventDate "2017.??.??"]
[WhiteTeam "SK Schweinfurt"]
[BlackTeam "SK Schweinfurt"]

1. d4 Nf6 2. c4 e6 3. Nc3 Bb4 4. Qc2 Nc6 5. Nf3 Qe7 6. e3 e5 7. dxe5 Nxe5 8.
Be2 d6 9. O-O O-O 10. Nd5 Nxd5 11. cxd5 Bg4 12. Nxe5 Bxe2 13. Qxe2 dxe5 14. a3
Bd6 15. e4 f5 16. exf5 Rxf5 17. Qe4 Raf8 18. Be3 Rh5 19. g3 Qd7 20. Rad1 Rhf5
21. Kg2 h5 22. Rd2 Qf7 23. f3 a6 24. Rdf2 Qd7 25. h3 1/2-1/2

[Event "27. Schweinfurt Open"]
[Site "Schweinfurt"]
[Date "2017.06.17"]
[Round "5.9"]
[White "Müller, Lutz"]
[Black "Wiener, Horst"]
[Result "1/2-1/2"]
[WhiteElo "2042"]
[BlackElo "1945"]
[PlyCount "81"]
[EventDate "2017.??.??"]
[WhiteTeam "SC Bad Königshofen"]
[BlackTeam "SK Schweinfurt"]

1. d4 Nf6 2. Nf3 b6 3. e3 Bb7 4. Nbd2 g6 5. Bd3 d5 6. O-O Bg7 7. Qe2 Ne4 8. a4
a5 9. Bxe4 dxe4 10. Ng5 e5 11. Ngxe4 O-O 12. dxe5 Ba6 13. c4 Bxe5 14. Rd1 Qe7
15. Rb1 Nc6 16. b3 Rad8 17. Ng3 f5 18. Nf3 Rxd1+ 19. Qxd1 Rd8 20. Qe2 Bf6 21.
Bb2 Ne5 22. Nd4 c5 23. Nb5 Bxb5 24. cxb5 Qd6 25. Bxe5 Bxe5 26. Qc4+ Kg7 27. f4
Bf6 28. Nf1 h5 29. g3 h4 30. gxh4 Bxh4 31. Rb2 Qd1 32. Qe2 Qd5 33. Qg2 Qe6 34.
Qf3 Bf6 35. Rb1 Qd6 36. Qe2 Qd5 37. Ng3 Qe6 38. Qf3 Rd3 39. Kf2 Rxe3 40. Qc6
Bd4 41. Qxe6 1/2-1/2

[Event "27. Schweinfurt Open"]
[Site "Schweinfurt"]
[Date "2017.06.17"]
[Round "5.10"]
[White "Diller, Peter"]
[Black "Heller, Thomas"]
[Result "1-0"]
[WhiteElo "1971"]
[BlackElo "1783"]
[PlyCount "42"]
[EventDate "2017.??.??"]
[WhiteTeam "SK Rothenburg"]
[BlackTeam "SV Bergtheim"]

1. e4 b6 2. f4 Bb7 3. Nc3 e6 4. Nf3 Nf6 5. e5 Nd5 6. d4 Bb4 7. Bd2 a6 8. Bd3 d6
9. O-O Nxc3 10. bxc3 Ba5 11. f5 dxe5 12. fxe6 e4 13. exf7+ Kf8 14. Ng5 Qe7 15.
Bc4 Qxg5 16. Bxg5 Bxc3 17. Rb1 b5 18. Be6 Nc6 19. d5 Nd4 20. Qg4 Ba5 21. Qh4
Ne2+ 1-0

[Event "27. Schweinfurt Open"]
[Site "Schweinfurt"]
[Date "2017.06.17"]
[Round "5.11"]
[White "Brux, Jürgen"]
[Black "Brodt, Andreas"]
[Result "1/2-1/2"]
[WhiteElo "1743"]
[BlackElo "1839"]
[PlyCount "122"]
[EventDate "2017.??.??"]
[WhiteTeam "DT Männerstadt"]
[BlackTeam "SK Schweinfurt"]

1. d4 Nf6 2. c4 e6 3. Nf3 c6 4. g3 b6 5. Bg2 Ba6 6. b3 Bb4+ 7. Bd2 Be7 8. O-O
d5 9. cxd5 cxd5 10. Nc3 Nbd7 11. Re1 O-O 12. Rc1 Bb7 13. Bf4 a6 14. h3 Rc8 15.
Qd3 Bb4 16. Bd2 Ne4 17. Nb1 Qe7 18. Bxb4 Qxb4 19. a3 Qe7 20. b4 b5 21. Nfd2 f5
22. Nb3 Rxc1 23. Rxc1 Nb6 24. Nc5 Nxc5 25. dxc5 Nc4 26. e3 Qf6 27. Qc3 Bc6 28.
Qxf6 Rxf6 29. Rd1 g5 30. Kf1 f4 31. exf4 gxf4 32. Ke2 fxg3 33. fxg3 h5 34. Rd3
Rf5 35. Nd2 Re5+ 36. Kf2 Nb2 37. Rd4 Nd1+ 38. Kf1 Ne3+ 39. Kf2 Nxg2 40. Kxg2
Re3 41. Nb1 e5 42. Rh4 d4+ 43. Kf2 Rf3+ 44. Ke2 Rxg3 45. Rxh5 Bf3+ 46. Kf2 Bxh5
47. Kxg3 Be8 48. Nd2 Kf7 49. Ne4 Bc6 50. Ng5+ Kf6 51. Nf3 d3 52. Kf2 e4 53. Nd4
Bd7 54. h4 Bg4 55. Ke3 Ke5 56. Nb3 Kd5 57. Nd2 Bf5 58. h5 Ke5 59. h6 Bh7 60.
Nb3 Kd5 61. Na5 Bg6 1/2-1/2

[Event "27. Schweinfurt Open"]
[Site "Schweinfurt"]
[Date "2017.06.17"]
[Round "5.12"]
[White "Maar, Samuel"]
[Black "Grasmik, Waldemar"]
[Result "1-0"]
[WhiteElo "2048"]
[BlackElo "1571"]
[PlyCount "69"]
[EventDate "2017.??.??"]
[WhiteTeam "Bad Emstal"]
[BlackTeam "(vls) Bad Kissingen"]

1. e4 d5 2. exd5 c6 3. Nf3 Nf6 4. dxc6 Nxc6 5. d4 a6 6. Be2 h5 7. c4 Qc7 8. Nc3
Bg4 9. Bg5 e6 10. O-O O-O-O 11. d5 Bxf3 12. Bxf3 Ng4 13. Bxg4 hxg4 14. g3 f6
15. Bf4 Bd6 16. Bxd6 Qxd6 17. Qxg4 f5 18. Qe2 Nd4 19. Qd3 e5 20. f4 Qh6 21. Rf2
Qf6 22. fxe5 Qxe5 23. Rd1 Nc6 24. Qxf5+ Kb8 25. dxc6 Rxd1+ 26. Nxd1 Qc7 27.
cxb7 Qxb7 28. Qe5+ Ka8 29. Qd5 Qxd5 30. cxd5 Rd8 31. Ne3 Rd7 32. Nc4 Ka7 33. d6
Kb7 34. Re2 Kc6 35. Ne5+ 1-0

[Event "27. Schweinfurt Open"]
[Site "Schweinfurt"]
[Date "2017.06.17"]
[Round "5.13"]
[White "Bardorz, Jana"]
[Black "Gould, Charles"]
[Result "0-1"]
[WhiteElo "1540"]
[BlackElo "2019"]
[PlyCount "78"]
[EventDate "2017.??.??"]
[WhiteTeam "TSV Rottendorf"]
[BlackTeam "SV Würzburg"]

1. e4 d6 2. d4 g6 3. Nf3 Nf6 4. Nc3 Bg7 5. Bc4 c6 6. Bb3 b5 7. a3 O-O 8. O-O
Qc7 9. Bf4 Nh5 10. Bg3 Bg4 11. d5 a6 12. h3 Bxf3 13. Qxf3 c5 14. Rab1 Nd7 15.
Ne2 a5 16. c3 Bh6 17. Bh2 Ne5 18. Bxe5 dxe5 19. Rbd1 Kh8 20. Bc2 c4 21. h4 Ra6
22. g3 Qc5 23. Ra1 Rf6 24. Qg2 Rg8 25. Kh1 g5 26. hxg5 Rxg5 27. Qh2 Ng7 28. Kg1
Rh5 29. Qg2 Rg5 30. Qh2 Nh5 31. Kh1 Bg7 32. Qg2 Rh6 33. Kg1 Qb6 34. Rfe1 Nf6
35. Kf1 Ng4 36. Red1 Rh2 37. Qg1 Rxf2+ 38. Ke1 Qe3 39. Rd2 Rxe2+ 0-1

[Event "27. Schweinfurt Open"]
[Site "Schweinfurt"]
[Date "2017.06.17"]
[Round "5.14"]
[White "Markert, Markus"]
[Black "Köhler, Michael"]
[Result "1/2-1/2"]
[WhiteElo "1998"]
[BlackElo "1229"]
[PlyCount "94"]
[EventDate "2017.??.??"]
[WhiteTeam "SK Bad Neustadt"]
[BlackTeam "SC Prichsenstadt"]

1. e4 c6 2. d4 d5 3. exd5 cxd5 4. Nf3 Bg4 5. Bd3 Nc6 6. c3 Nf6 7. O-O e6 8.
Nbd2 Bd6 9. Re1 O-O 10. Nf1 Re8 11. h3 Bxf3 12. Qxf3 e5 13. dxe5 Nxe5 14. Qd1
Nxd3 15. Rxe8+ Qxe8 16. Qxd3 Qe5 17. Be3 Qe4 18. Qb5 b6 19. Nd2 Qe8 20. Qd3 Bc5
21. Re1 Rd8 22. Kf1 Bxe3 23. Rxe3 Qd7 24. Nf3 Re8 25. Nd4 Rxe3 26. Qxe3 Qa4 27.
a3 Qd1+ 28. Qe1 Qxe1+ 29. Kxe1 Kf8 30. Ke2 Ke8 31. g4 g6 32. f3 Kd7 33. Ke3 a6
34. Kf4 Kd6 35. Nc2 Ng8 36. Nb4 a5 37. Nc2 h6 38. a4 f6 39. Nd4 Ne7 40. Ke3 Nc6
41. f4 Nxd4 42. Kxd4 Kc6 43. h4 Kd6 44. b4 Kc6 45. g5 fxg5 46. fxg5 hxg5 47.
hxg5 Kd6 1/2-1/2

[Event "27. Schweinfurt Open"]
[Site "Schweinfurt"]
[Date "2017.06.17"]
[Round "5.15"]
[White "Schwarz, Dominik"]
[Black "Drewes, Thomas"]
[Result "0-1"]
[WhiteElo "1564"]
[BlackElo "1787"]
[PlyCount "56"]
[EventDate "2017.??.??"]
[WhiteTeam "SC Prichsenstadt"]
[BlackTeam "SV Würzburg"]

1. d4 d5 2. Nf3 Nf6 3. Bf4 c5 4. e3 Nc6 5. c3 Qb6 6. Qc2 Bf5 7. dxc5 Bxc2 8.
cxb6 axb6 9. Na3 Ba4 10. Nb5 Bxb5 11. Bxb5 e6 12. Nd4 Rc8 13. Ba4 Be7 14. Nb5
O-O 15. O-O Nd7 16. Nd6 Ra8 17. Bc2 e5 18. Nf5 exf4 19. exf4 g6 20. Nxe7+ Nxe7
21. Rfe1 Nc6 22. Bb3 Nf6 23. Rad1 Rfe8 24. Kf1 Rxe1+ 25. Kxe1 Re8+ 26. Kf1 Rd8
27. c4 Na5 28. cxd5 Nxb3 0-1

[Event "27. Schweinfurt Open"]
[Site "Schweinfurt"]
[Date "2017.06.17"]
[Round "5.16"]
[White "Englert, Fred"]
[Black "Kwossek, Martin"]
[Result "1/2-1/2"]
[WhiteElo "1781"]
[BlackElo "1632"]
[PlyCount "50"]
[EventDate "2017.??.??"]
[WhiteTeam "SK Klingenberg"]
[BlackTeam "SC Kitzingen"]

1. c4 e6 2. g3 d5 3. Bg2 Nf6 4. Nf3 c6 5. O-O Nbd7 6. b3 Be7 7. Bb2 O-O 8. d4
Re8 9. Nc3 Rb8 10. Rc1 Ne4 11. Nd2 f5 12. f3 Nxd2 13. Qxd2 Nf6 14. Rce1 Bd7 15.
e4 Rf8 16. Qe2 Bb4 17. a3 Bxc3 18. Bxc3 Qb6 19. b4 Qa6 20. cxd5 Qxe2 21. Rxe2
cxd5 22. Re3 fxe4 23. fxe4 Ng4 24. Ree1 Rxf1+ 25. Bxf1 Rc8 1/2-1/2

[Event "27. Schweinfurt Open"]
[Site "Schweinfurt"]
[Date "2017.06.17"]
[Round "5.17"]
[White "Hertkorn, Dieter"]
[Black "Eichenauer, Pascal"]
[Result "1-0"]
[WhiteElo "1454"]
[BlackElo "1769"]
[PlyCount "145"]
[EventDate "2017.??.??"]
[WhiteTeam "(vls) Ulm"]
[BlackTeam "SV Würzburg"]

1. e4 c5 2. d4 cxd4 3. c3 dxc3 4. Nxc3 Nc6 5. Nf3 d6 6. Bb5 Bd7 7. O-O Nf6 8.
Bg5 e6 9. Bxc6 Bxc6 10. e5 dxe5 11. Nxe5 Qxd1 12. Raxd1 Ne4 13. Nxc6 Nxc3 14.
bxc3 bxc6 15. Rd3 Be7 16. Bc1 O-O 17. Rfd1 Rfd8 18. Kf1 Rxd3 19. Rxd3 Rd8 20.
Ke2 Rxd3 21. Kxd3 Bc5 22. f3 Kf8 23. Kc4 Bb6 24. Ba3+ Ke8 25. Bd6 Kd7 26. Bf8
g6 27. g4 f5 28. h3 fxg4 29. fxg4 Bc7 30. Bc5 a6 31. Kd3 e5 32. c4 Ke6 33. Ke4
Ba5 34. Ba3 Bc3 35. Bf8 a5 36. a4 Kf6 37. Bh6 g5 38. Bf8 Bb4 39. c5 Bc3 40. Bd6
Bd4 41. Bf8 Ke6 42. Bd6 Kf7 43. Bxe5 Bxc5 44. Kd3 Ke6 45. Bc7 Bb4 46. Kc4 Kd7
47. Bg3 Ke6 48. Bc7 Kd7 49. Bg3 Ke7 50. Bc7 Ke6 51. Bg3 h6 52. Bc7 Bd6 53. Bxa5
Ke5 54. Bc3+ Kf4 55. a5 Kg3 56. a6 Bb8 57. Be5+ Bxe5 58. a7 Kxh3 59. a8=Q Kxg4
60. Qxc6 h5 61. Qe6+ Kf4 62. Kd5 Bb2 63. Qe4+ Kg3 64. Qf5 Kh4 65. Ke4 Bc1 66.
Qf2+ Kh3 67. Qf1+ Kh2 68. Qxc1 g4 69. Qf4+ g3 70. Kf3 h4 71. Qxh4+ Kg1 72.
Qxg3+ Kf1 73. Qf2# 1-0

[Event "27. Schweinfurt Open"]
[Site "Schweinfurt"]
[Date "2017.06.17"]
[Round "5.18"]
[White "Langguth, Rolf"]
[Black "Leichum, Engelbert"]
[Result "1/2-1/2"]
[WhiteElo "1947"]
[BlackElo "1688"]
[PlyCount "102"]
[EventDate "2017.??.??"]
[WhiteTeam "SK Schweinfurt"]
[BlackTeam "(vls) Frankfurt"]

1. d4 Nf6 2. Nf3 d6 3. c4 Bg4 4. Nc3 Nbd7 5. e3 c6 6. Bd3 Qc7 7. h3 Bh5 8. e4
e5 9. d5 Be7 10. Be3 a6 11. g4 Bg6 12. b4 cxd5 13. Nxd5 Nxd5 14. cxd5 Qc3+ 15.
Kf1 Qxb4 16. Rb1 Qa5 17. Rxb7 Nc5 18. Bxc5 Qxc5 19. Qa4+ Kf8 20. Kg2 Rd8 21.
Qxa6 h5 22. g5 Qc3 23. h4 f6 24. Rhb1 Kf7 25. R1b3 Qc1 26. Qa7 Rhe8 27. Rc7 Qf4
28. Qe3 Qg4+ 29. Kf1 Kg8 30. Rbb7 Bf8 31. a4 Ra8 32. Bc2 f5 33. exf5 Bxf5 34.
Bxf5 Qxf5 35. Rb4 Reb8 36. Qe4 Qh3+ 37. Ke2 Rxb4 38. Qxb4 Rc8 39. Rxc8 Qxc8 40.
a5 Qc2+ 41. Nd2 Qa2 42. Qb5 Qa1 43. g6 Qd4 44. Qe8 Qg4+ 45. Nf3 Qc4+ 46. Kd2
Qxd5+ 47. Ke3 Qc5+ 48. Ke4 Qc2+ 49. Ke3 Qc5+ 50. Ke2 Qc4+ 51. Kd2 Qb4+ 1/2-1/2

[Event "27. Schweinfurt Open"]
[Site "Schweinfurt"]
[Date "2017.06.17"]
[Round "5.19"]
[White "Müller, Gerhard"]
[Black "Ley, Reinhard"]
[Result "1/2-1/2"]
[WhiteElo "1827"]
[BlackElo "1714"]
[PlyCount "112"]
[EventDate "2017.??.??"]
[WhiteTeam "SC Bad Königshofen"]
[BlackTeam "SV Siershahn"]

1. e4 Nf6 2. Nc3 d5 3. e5 d4 4. exf6 dxc3 5. dxc3 Qxd1+ 6. Kxd1 exf6 7. Bf4 c6
8. Ne2 Be6 9. Nd4 Nd7 10. Bc7 Bc5 11. Bd3 Bb6 12. Bxb6 Nxb6 13. Re1 Kd7 14. Nb3
Rhe8 15. Nc5+ Kc7 16. Nxe6+ Rxe6 17. Rxe6 fxe6 18. c4 Rd8 19. b3 Nd7 20. Ke2
Ne5 21. h3 g6 22. Ke3 c5 23. Rd1 Nc6 24. c3 e5 25. Be2 Rxd1 26. Bxd1 f5 27. g4
f4+ 28. Ke4 Kd6 29. g5 a6 30. Be2 a5 31. a4 Ne7 32. Bg4 Ng8 33. Bc8 b6 34. Bb7
Ne7 35. Kf3 Nf5 36. Kg4 Ne7 37. Be4 Ke6 38. h4 Kf7 39. Bd5+ Kg7 40. Be6 h5+ 41.
Kf3 Nf5 42. Ke4 Nxh4 43. Kxe5 Nf3+ 44. Kxf4 Nd2 45. Ke5 Nxb3 46. Kd6 Nd2 47. f4
Ne4+ 48. Kc6 Nxc3 49. Kxb6 Nxa4+ 50. Kxa5 Nb2 51. Kb5 Nd3 52. f5 gxf5 53. Bxf5
Ne5 54. Kxc5 h4 55. Kd5 Nxc4 56. Kxc4 h3 1/2-1/2

[Event "27. Schweinfurt Open"]
[Site "Schweinfurt"]
[Date "2017.06.17"]
[Round "5.20"]
[White "Kaptan, Cagatay"]
[Black "Hohner, Karl-Heinz"]
[Result "1/2-1/2"]
[WhiteElo "1500"]
[BlackElo "1799"]
[PlyCount "54"]
[EventDate "2017.??.??"]
[WhiteTeam "(vls) Schweinfurt"]
[BlackTeam "(vls) Stockheim Kronach"]

1. Nf3 c5 2. c4 Nf6 3. Nc3 Nc6 4. d3 g6 5. g3 Bg7 6. Bg2 O-O 7. O-O d6 8. Bd2
e5 9. a3 h6 10. Rb1 Bf5 11. e4 Bg4 12. h3 Be6 13. b4 Qd7 14. Nd5 Kh7 15. Qc1
Bxd5 16. cxd5 Nd4 17. Nxd4 cxd4 18. f4 Rac8 19. Qd1 Nh5 20. Kh2 exf4 21. gxf4
Qe7 22. Bf3 Nf6 23. Rg1 Rc7 24. Rc1 Rfc8 25. Rxc7 Qxc7 26. Qe2 Re8 27. Qg2 Rg8
1/2-1/2

[Event "27. Schweinfurt Open"]
[Site "Schweinfurt"]
[Date "2017.06.17"]
[Round "5.21"]
[White "Bardorz, Stefan"]
[Black "Völker, Joachim"]
[Result "0-1"]
[WhiteElo "1426"]
[BlackElo "1772"]
[PlyCount "54"]
[EventDate "2017.??.??"]
[WhiteTeam "TSV Rottendorf"]
[BlackTeam "SK Schweinfurt"]

1. c4 Nf6 2. g3 c6 3. Nc3 e6 4. Bg2 d5 5. cxd5 exd5 6. e3 Bf5 7. Nf3 Bd6 8. d3
Nbd7 9. O-O O-O 10. a3 a5 11. Re1 Nc5 12. Bf1 Qd7 13. Qc2 Rfe8 14. b3 Bh3 15.
e4 Bxf1 16. Kxf1 Qg4 17. Kg2 dxe4 18. dxe4 Nfd7 19. Bb2 Ne5 20. Nd4 Ned3 21.
Re3 Nxb2 22. Qxb2 Be5 23. Nf5 Rad8 24. f3 Qh5 25. b4 Na4 26. Qb3 Bxc3 27. Rxc3
Rd2+ 0-1

[Event "27. Schweinfurt Open"]
[Site "Schweinfurt"]
[Date "2017.06.17"]
[Round "5.22"]
[White "Hüttinger, Siegfried"]
[Black "Memmel, Stefan"]
[Result "1-0"]
[WhiteElo "1469"]
[BlackElo "1240"]
[PlyCount "79"]
[EventDate "2017.??.??"]
[WhiteTeam "SC KS Alzenau"]
[BlackTeam "SK Schweinfurt"]

1. c4 d5 2. cxd5 Nf6 3. Nc3 Nxd5 4. Nf3 Nxc3 5. bxc3 b6 6. g3 Bb7 7. Bg2 f6 8.
O-O e5 9. Qb3 Qd5 10. Nh4 Qxb3 11. axb3 Bxg2 12. Nxg2 Nc6 13. Ne3 Bd6 14. Nc4
a5 15. d3 Ke7 16. Kg2 g6 17. f4 f5 18. Nxd6 cxd6 19. Be3 b5 20. fxe5 dxe5 21.
Bc5+ Ke6 22. e3 Rhc8 23. d4 e4 24. g4 Rg8 25. h3 Ne7 26. c4 bxc4 27. bxc4 Rgc8
28. Rfb1 Rc7 29. Ra4 Kf7 30. Kg3 Kf6 31. Rb6+ Kf7 32. Kf4 g5+ 33. Kxg5 Rg8+ 34.
Kf4 fxg4 35. hxg4 Ng6+ 36. Kxe4 Rxc5 37. dxc5 Rc8 38. Kd4 Rd8+ 39. Rd6 Rb8 40.
Rxa5 1-0